Losowe państwa Europy w ich ojczystym języku #1 - Statystyki

Ogólne statystyki
  • Ten quiz został rozwiązany 21 razy
  • Średni wynik to 14 z 15
Statystyki odpowiedzi
Podpowiedź Państwo % Poprawnych
Österreich Austria
100%
Eesti Estonia
100%
Deutschland Niemcy
100%
Norge Norwegia
100%
Slovensko Słowacja
100%
Slovenija Słowenia
100%
United Kingdom Wielka Brytania
100%
Северна Македонија Macedonia Północna
95%
Россия Rosja
95%
България Bułgaria
90%
Sverige Szwecja
90%
Suomi Finlandia
85%
Magyarország Węgry
85%
Ελλάδα Grecja
80%
Црна Гора Czarnogóra
75%
Nie znaleziono quizów pasujących do podanych kryteriów
Rozkład punktacji
Procent ludzi z każdym wynikiem
Percentyl według liczby udzielonych odpowiedzi
Twoja historia wyników
Nie rozwiązałeś tego quizu